Normal view
MARC view
- Schueller U
Entry Personal Name
001 - CONTROL NUMBER
- control field: 165980
003 - CONTROL NUMBER IDENTIFIER
- control field: OSt
005 - DATE AND TIME OF LATEST TRANSACTION
- control field: 20230313125838.0
008 - FIXED-LENGTH DATA ELEMENTS
- fixed length control field: 230313|| aca||aabn | a|a d
040 ## - CATALOGING SOURCE
- Original cataloging agency: OSt
- Transcribing agency: OSt
100 ## - HEADING--PERSONAL NAME
- Personal name: Schueller U
670 ## - SOURCE DATA FOUND
- Source citation: Work cat.: (OSt)127176: Schueller U, Upgrading And Maintaining Your Pc